000 00505nam a22001937a 4500
003 MPLRDC
005 20220104154951.0
008 210129b ||||| |||| 00| 0 eng d
020 _a7-5332-4070-3
082 _a859.6 GWJG v.01
100 _aJEANNE DETHISE
245 _a三个好朋友
_c殷芹译
250 _a一版一刷
260 _a中国
_b上海人民美术出版社
_c2004
300 _b
490 _a给我讲故事系列; 1
650 _a儿童故事
942 _cBK
_o859.6 GWJG v.01
999 _c54249
_d54239